|
|
|
|
| LEADER |
00610cam a2200193 a 4500 |
| 001 |
0000078351 |
| 005 |
20051115090000.0 |
| 040 |
|
|
|a mod
|
| 041 |
|
|
|a eng
|
| 020 |
0 |
0 |
|a 0205380662
|
| 090 |
0 |
0 |
|a 370.72
|b THO
|e 2005
|
| 100 |
1 |
0 |
|a Thorkildsen
|h Treresa A
|
| 245 |
1 |
0 |
|a Fundamentals of measurement in applied research
|c Theresa A. Thorkildsen
|
| 260 |
0 |
0 |
|a Boston
|b Pearson
|c 2005
|
| 300 |
0 |
0 |
|a xxv, 550 p.
|c 24cm
|
| 500 |
0 |
0 |
|a Includes bibliographical references and indexes
|
| 650 |
0 |
0 |
|a Education
|x Research
|x Methodology
|
| 852 |
0 |
0 |
|a 01
|
| 999 |
|
|
|a 0234482
|b KEMENTAH
|d BOOKS
|e Umum
|f Perpustakaan KEMENTAH
|j AVAILABLE
|p 1
|q GOOD CONDITION
|